000
00254nam a22001217a 4500
008
181220b xxu||||| |||| 00| 0 eng d
041
_a
eng
080
_a
530
100
_a
43
101
_a
FIZ
245
_a
Modern Physics
_c
Dull,Ch.E
942
_2
udc
_c
BK
999
_c
53537
_d
53537